POLLUTION CONTROLL IN PROCESS INDUSTRIES (Record no. 5686)

MARC details
000 -LEADER
fixed length control field 00391nam a22001577a 4500
005 - DATE AND TIME OF LATEST TRANSACTION
control field 20180315165608.0
008 - FIXED-LENGTH DATA ELEMENTS--GENERAL INFORMATION
fixed length control field 180315b xxu||||| |||| 00| 0 eng d
020 ## - INTERNATIONAL STANDARD BOOK NUMBER
ISBN 978-0-07-451772-7
041 ## - LANGUAGE CODE
Language code of text/sound track or separate title eng
082 ## - DEWEY DECIMAL CLASSIFICATION NUMBER
Classification number 628.5
100 ## - MAIN ENTRY--AUTHOR NAME
Personal name MAHAJAN, S.P.
245 ## - TITLE STATEMENT
Title POLLUTION CONTROLL IN PROCESS INDUSTRIES
260 ## - PUBLICATION, DISTRIBUTION, ETC. (IMPRINT)
Place of publication NEW DELHI
Name of publisher Mc GRAW HILL
Year of publication 1985
300 ## - PHYSICAL DESCRIPTION
Number of Pages 273p.
942 ## - ADDED ENTRY ELEMENTS (KOHA)
Koha item type Books
Holdings
Lost status Damaged status Home library Current library Shelving location Date acquired Source of acquisition Cost, normal purchase price Full call number Accession Number Koha item type
    JRU Library   SHELF-6-D 15/03/2018 PURCHESS 600.00 628.5 22332 Books